Formel 1 Podium 1980 - Statistiken

Allgemein
  • Dieses Quiz wurde 60 mal gespielt
  • Das Durchschnittsergebnis liegt bei 7 aus 11
Antwortstatistiken
Antwort % Korrekt
Alan Jones
88%
Nelson Piquet
86%
Carlos Reutemann
71%
Rene Arnoux
64%
Keke Rosberg
60%
Jacques Laffite
57%
Riccardo Patrese
57%
Didier Pironi
52%
Emerson Fittipaldi
43%
Jean-Pierre Jabouille
43%
Elio de Angelis
33%
Keine übereinstimmenden Quizze gefunden
Verteilung der Resultate
Anzahl Personen mit jedem Resultat
Perzentil nach korrekt beantworteten Fragen
Ihre Resultats-Entwicklung
Sie haben dieses Quiz noch nicht gespielt